[Event "zt 2.3"]
[Site "Guayaquil ECU"]
[Date "2003.10.11"]
[Round "9"]
[White "Garcia,Gild"]
[Black "Ramirez,Al"]
[Result "1/2-1/2"]
[WhiteElo "2470"]
[BlackElo "2483"]

1.e4 c5 2.Nf3 Nc6 3.Bb5 e6 4.O-O Nge7 5.b3 a6 6.Bxc6 Nxc6 7.Bb2 f6 8.d4 cxd4
9.Nxd4 Be7 10.Qh5+ g6 11.Qh6 Bf8 12.Qe3 Bg7 13.Nd2 O-O 14.Nc4 d5 15.Rad1 e5
16.Nxc6 bxc6 17.Qc5 Rb8 18.exd5 cxd5 19.Rxd5 Rb5 20.Rxd8 Rxc5 21.Rxf8+ Bxf8
22.Rd1 Be6 23.Rd8 Bxc4 24.Ba3 Ra5 25.Bxf8 Rxa2 26.h3 Be6 27.c4 Ra1+ 28.Kh2 Rb1
29.Rb8 Kf7 30.Bd6 a5 31.Rb7+ Kg8 32.Rb5 g5 33.Be7 a4 34.bxa4 Ra1 35.a5 Bxc4
36.Rb6 Kf7 37.Bd8 Be6 38.a6 Bc8 39.Rxf6+ Ke8 40.Bc7 Rxa6 41.Bd6 e4 42.Rf8+ Kd7
43.Bc5 Rc6 44.Be3 h6 45.Rh8 Ke7 46.Rxh6 Rxh6 47.Bxg5+ Rf6 48.Kg3 Ke6 49.Bxf6 Kxf6
50.Kf4 Bb7 51.g4 Kg6 52.h4 Kh6 53.Kf5  1/2-1/2

[Event "Arctic Cup u16"]
[Site "Salekhard RUS"]
[Date "2003.10.11"]
[Round "9"]
[White "Yatsenko,A"]
[Black "Makarov,L"]
[Result "1/2-1/2"]
[WhiteElo "2269"]
[BlackElo "2036"]

1.e4 c5 2.Nf3 Nc6 3.Bb5 g6 4.O-O Bg7 5.c3 e5 6.d3 Nge7 7.a4 O-O 8.Be3 d6
9.Bc4 h6 10.Na3 Kh7 11.Ne1 a6 12.Nac2 Be6 13.Bxe6 fxe6 14.d4 cxd4 15.cxd4 Rc8
16.Nf3 exd4  1/2-1/2

[Event "EuTCh w"]
[Site "Plovdiv BUL"]
[Date "2003.10.12"]
[Round "2"]
[White "Koskela,N"]
[Black "Dembo,Y"]
[Result "0-1"]
[WhiteElo "2280"]
[BlackElo "2415"]

1.e4 c5 2.Nf3 Nc6 3.Bb5 g6 4.Bxc6 dxc6 5.d3 Bg7 6.h3 e5 7.Be3 Qe7 8.Nbd2 Nf6
9.Nc4 Nd7 10.O-O O-O 11.Qd2 Rd8 12.a3 b6 13.b4 Ba6 14.Qc3 f6 15.Rfe1 Bb5
16.Reb1 Bf8 17.Ncd2 Qe6 18.Qb2 Ba6 19.Re1 Bd6 20.bxc5 Nxc5 21.d4 Nd7 22.c3 Qe7
23.a4 Rac8 24.Qa2+ Qf7 25.a5 Qxa2 26.Rxa2 exd4 27.cxd4 b5 28.Rc1 c5 29.dxc5 Bxc5
30.Bxc5 Nxc5 31.Rac2 Ne6 32.Nb3 Rxc2 33.Rxc2 Bb7 34.Nfd2 a6 35.f3 Kf7 36.Kf2 Ke7
37.Ke3 Rc8 38.Rxc8 Bxc8 39.Nd4 Kd6 40.N2b3 Nc5 41.f4 Nxb3 42.Nxb3 Be6 43.Nd4 Bc4
44.e5+ fxe5 45.fxe5+ Kxe5 46.Nc6+ Kd6 47.Nb4 Bd5 48.g3 Bg2 49.Kd4 Bxh3 50.Nxa6 Bc8
51.Nc5 Kc6 52.Nd3 h5 53.Ne5+ Kb7 54.Kc5 Ka6 55.Kb4 g5 56.Nf7 h4 57.gxh4 gxh4
58.Ng5 h3  0-1

[Event "YM"]
[Site "Zug SUI"]
[Date "2003.10.13"]
[Round "7"]
[White "Papa,S"]
[Black "Berkvens,J"]
[Result "1-0"]
[WhiteElo "2401"]
[BlackElo "2450"]

1.e4 c5 2.Nf3 Nc6 3.Bb5 g6 4.O-O Bg7 5.Re1 e5 6.Bxc6 dxc6 7.d3 Qe7 8.Nbd2 Nf6
9.Nc4 Nd7 10.Bd2 O-O 11.a3 Nb6 12.Na5 h6 13.b4 cxb4 14.axb4 Rd8 15.h3 c5
16.bxc5 Qxc5 17.Qb1 Qc7 18.Ra3 Be6 19.Qa1 Rac8 20.Rb1 Qb8 21.Bc3 Rc5 22.Nb3 Bxb3
23.Rbxb3 Nc8 24.Ra5 Rxa5 25.Qxa5 Re8 26.Rb5 b6 27.Qa1 f6 28.Rd5 Qc7 29.Qa4 Rd8
30.Qc4  1-0

[Event "Femida Open"]
[Site "Kharkov UKR"]
[Date "2003.10.15"]
[Round "7"]
[White "Karlovich,A"]
[Black "Ivanova,S"]
[Result "1-0"]
[WhiteElo "2296"]
[BlackElo "2236"]

1.e4 c5 2.Nf3 Nc6 3.Bb5 g6 4.c3 Bg7 5.d4 cxd4 6.cxd4 Qb6 7.Nc3 a6 8.Ba4 e6
9.d5 Nd4 10.O-O Ne7 11.Nxd4 Qxd4 12.Qf3 O-O 13.Bg5 f6 14.Be3 Qb4 15.a3 Qa5
16.b4 Qc7 17.Rac1 Qb8 18.dxe6 dxe6 19.Bc5 Qc7 20.Rfd1 b5 21.Bb3 Re8 22.e5 Bb7
23.Bxe6+ Kh8 24.Qh3 Qxe5 25.Re1 Qg5 26.Bf7 Rf8 27.Bb3 Rfe8 28.g3 Nf5 29.f4 Qh6
30.Qxh6 Nxh6 31.Nd5 Rad8 32.Nc7 Rxe1+ 33.Rxe1 Nf5 34.Ne6 Re8 35.Kf2 h5 36.Nxg7 Rxe1
37.Nxf5 Rb1 38.Nd4 Rb2+ 39.Ke3 Rxh2 40.Be7  1-0

[Event "EuTCh w"]
[Site "Plovdiv BUL"]
[Date "2003.10.15"]
[Round "5"]
[White "Djingarova,E"]
[Black "Mkrtchian,L"]
[Result "1/2-1/2"]
[WhiteElo "2329"]
[BlackElo "2413"]

1.e4 c5 2.Nf3 Nc6 3.Bb5 d6 4.Bxc6+ bxc6 5.O-O e5 6.Re1 g6 7.c3 Bg4 8.d4 cxd4
9.cxd4 Bg7 10.Qa4 Ne7 11.Nbd2 exd4 12.Nxd4 Bd7 13.N4f3 O-O 14.Nc4 Bg4 15.Qa3 Bxf3
16.Qxf3 d5 17.exd5 Qxd5 18.Qxd5 cxd5 19.Ne5 Rfc8 20.Nd3 Nf5 21.Bf4 a5  1/2-1/2

[Event "EuTCh w"]
[Site "Plovdiv BUL"]
[Date "2003.10.15"]
[Round "5"]
[White "Petrenko,S"]
[Black "Peng Zhaoqin"]
[Result "0-1"]
[WhiteElo "2331"]
[BlackElo "2438"]

1.e4 c5 2.Nf3 Nc6 3.Bb5 e6 4.O-O Nge7 5.c3 Qb6 6.Na3 Ng6 7.Qe2 Be7 8.e5 O-O
9.Ba4 Qc7 10.d4 b6 11.Bc2 cxd4 12.cxd4 Nb4 13.Be4 Ba6 14.Nb5 Rac8 15.Bg5 Qd8
16.Bxe7 Qxe7 17.a4 Rc7 18.h4 Bxb5 19.axb5 Nxh4 20.Nxh4 Qxh4 21.g3 Qg5 22.Kg2 f5
23.exf6 Qxf6 24.Rh1 h6 25.Ra4 Nd5 26.Bxd5 exd5 27.Rh5 Qg6 28.Qe5 Rc2 29.Ra1 Rfxf2+
30.Kg1 Kh7 31.Rh3 Qg4  0-1

[Event "La Raza"]
[Site "Medellin COL"]
[Date "2003.10.17"]
[Round "4"]
[White "Celis Sanchez,C"]
[Black "Echavarria,J"]
[Result "0-1"]
[WhiteElo "2321"]
[BlackElo "2351"]

1.e4 c5 2.Nf3 Nc6 3.Bb5 g6 4.Bxc6 bxc6 5.O-O Bg7 6.d3 e5 7.b4 cxb4 8.a3 b3
9.cxb3 d6 10.d4 exd4 11.Bf4 Ne7 12.Nbd2 Ba6 13.Re1 O-O 14.b4 c5 15.Qa4 Qb6
16.Rab1 Bd3 17.bxc5 Qxc5 18.Rec1 Qh5 19.Rb7 Nc8 20.h3 Nb6 21.Qb3 Ba6 22.Rbc7 Qb5
23.Qa2 Na4 24.Nc4 Nc3 25.Rxc3 dxc3 26.Nxd6 Qe2 27.Qd5 c2 28.Kh2 Qd1 29.Bd2 Rad8
30.Rxf7 Rxf7 31.Qxf7+ Kh8 32.Ne8 Qa1 33.Bg5 Bc4 34.Qe7 Rxe8 35.Qxe8+ Bg8
36.Qc8 Qc3 37.Qxc3 Bxc3 38.Bc1 Kg7 39.Kg3 Bc4 40.Nd2 Bd3 41.Kf4 Bd4 42.f3 Kf6
43.Nb3 Bf2 44.e5+ Ke6 45.g4 h6 46.g5 hxg5+ 47.Kxg5 Kxe5 48.Bf4+ Kd5 49.h4 Kc4
50.Nc1 Kc3 51.a4 Be1 52.a5 Bc4 53.Kxg6 Bxh4 54.Be5+ Kd2 55.Bb2 Bg3 56.Kg5 Kd1
57.Kf5 Be1 58.Ke4 Bd2 59.Nd3 Bxd3+ 60.Kxd3 Bxa5 61.f4 Bc7 62.f5 Be5 63.Ba3 Bd6
64.Bb2 a5  0-1

[Event "EuTCh w"]
[Site "Plovdiv BUL"]
[Date "2003.10.18"]
[Round "7"]
[White "Bojkovic,N"]
[Black "Dembo,Y"]
[Result "1/2-1/2"]
[WhiteElo "2408"]
[BlackElo "2415"]

1.e4 c5 2.Nf3 Nc6 3.Bb5 g6 4.Bxc6 dxc6 5.d3 Bg7 6.h3 Nf6 7.Nc3 O-O 8.Be3 b6
9.Qd2 e5 10.Bh6 Qd6 11.Bxg7 Kxg7 12.Nh2 b5 13.Qe3 Qd4 14.Nf3 Qd6 15.Nd2 Be6
16.O-O Nh5 17.Nb3 Bxb3 18.axb3 a5 19.Ne2 f6 20.Qd2 a4 21.bxa4 bxa4 22.Nc3 c4
23.Rxa4 Rxa4 24.Nxa4 Nf4 25.Qe3 cxd3 26.cxd3 Qxd3 27.Qxd3  1/2-1/2

[Event "21st Muensterland Open"]
[Site "Senden GER"]
[Date "2003.10.19"]
[Round "4"]
[White "Sawadkuhi,M"]
[Black "Sarana Hungeling,O"]
[Result "1-0"]
[WhiteElo "2259"]
[BlackElo "2307"]

1.e4 c5 2.Nf3 Nc6 3.Bb5 g6 4.O-O Bg7 5.c3 e5 6.d4 cxd4 7.cxd4 exd4 8.Bf4 Nge7
9.Na3 O-O 10.Bd6 Re8 11.Ng5 Ne5 12.f4 N7c6 13.Qb3 Re6 14.Nxe6 dxe6 15.fxe5  1-0

[Event "300 Years"]
[Site "St Petersburg RUS"]
[Date "2003.10.19"]
[Round "2"]
[White "Novikov,Ma"]
[Black "Ionov,S"]
[Result "1/2-1/2"]
[WhiteElo "2430"]
[BlackElo "2547"]

1.e4 c5 2.Nf3 Nc6 3.Bb5 d6 4.O-O Bd7 5.Re1 Nf6 6.c3 a6 7.Bf1 Bg4 8.h3 Bxf3
9.Qxf3 g6 10.d3 Bg7 11.Be3 O-O 12.Nd2 Rc8 13.Rac1 Nd7 14.Qe2 b5 15.Nf3 Nb6
16.Qd2 Re8 17.b3 e6 18.Red1 Qe7 19.d4 cxd4 20.Nxd4 Qb7 21.Nxc6 Rxc6 22.Bd4 Nd7
23.Bxg7 Kxg7 24.Qd4+ e5 25.Qb4 Qc7 26.c4 Rb8 27.Qd2 b4 28.h4 Nc5 29.h5 Nxe4
30.h6+ Kf8 31.Qe3 Nf6 32.Be2 Qe7 33.Rd3 e4 34.Rd4 Qe5 35.Rcd1 Re8 36.Qd2 e3
37.Qxe3 Qxe3 38.fxe3 Ke7 39.Bf3 Rb6 40.Bd5 Rf8 41.Rf1 a5 42.g4 Nd7 43.Re4+ Ne5
44.c5 Rb5 45.cxd6+ Kxd6 46.Bc4 Rc5 47.Rf6+ Ke7 48.g5 Kd7 49.Rd4+ Ke7 50.Re4  1/2-1/2

[Event "9th Medunarodni"]
[Site "Tuzla BIH"]
[Date "2003.10.19"]
[Round "3"]
[White "Nurkic,S"]
[Black "Kiss,At"]
[Result "0-1"]
[WhiteElo "2384"]
[BlackElo "2397"]

1.e4 c5 2.Nf3 Nc6 3.Bb5 g6 4.O-O Bg7 5.Re1 Nf6 6.c3 O-O 7.h3 e5 8.d3 Re8
9.a4 b6 10.Bg5 Bb7 11.Nbd2 h6 12.Bh4 a6 13.Bc4 Qc7 14.Ba2 d6 15.Nc4 Nb8 16.a5 b5
17.Ne3 Nbd7 18.b4 Rac8 19.g4 c4 20.g5 hxg5 21.Nxg5 d5 22.exd5 Nxd5 23.Nxd5 Bxd5
24.dxc4 Bxc4 25.Bxc4 bxc4 26.Ne4 Re6 27.Qd5 Rce8 28.Red1 Nf6 29.Bxf6 Bxf6
30.Qd7 Qxd7 31.Rxd7 Be7 32.Rc7 f5 33.Nd2 e4 34.Nxc4 f4 35.Re1 Bh4 36.Re2 Rd8
37.Kh2 Rd3 38.Nd2 e3 39.fxe3 Rexe3 40.Rg2 Bg3+ 41.Kg1 Re1+ 42.Nf1 Rf3  0-1

[Event "La Raza"]
[Site "Medellin COL"]
[Date "2003.10.20"]
[Round "9"]
[White "Rohl,J"]
[Black "Echavarria,J"]
[Result "1/2-1/2"]
[WhiteElo "2390"]
[BlackElo "2351"]

1.e4 c5 2.Nf3 Nc6 3.Bb5 g6 4.O-O Bg7 5.c3 Nf6 6.Re1 O-O 7.h3 e5 8.d4 cxd4
9.cxd4 exd4 10.e5 Ne8 11.Bg5 Qb6 12.Na3 Nc7 13.Bf1 d5 14.exd6 Ne6 15.Nc4 Qc5
16.Bd2 b5 17.Na5 Nxa5 18.Bxa5 Bd7 19.Qb3 Rfc8 20.Bb4 Qb6 21.Ne5 Bxe5 22.Rxe5 a5
23.Bd2 Qxd6 24.Rae1 Rc5 25.Qf3 Rxe5 26.Qxa8+ Kg7 27.Rxe5 Qxe5 28.Qxa5 Nc5
29.Bb4 Ne4 30.Qd8 Be8 31.f4 Qxf4 32.Qxe8  1/2-1/2

[Event "La Raza"]
[Site "Medellin COL"]
[Date "2003.10.20"]
[Round "10"]
[White "Celis Sanchez,C"]
[Black "Gamboa,N"]
[Result "0-1"]
[WhiteElo "2321"]
[BlackElo "2371"]

1.e4 c5 2.Nf3 Nc6 3.Bb5 d6 4.d4 cxd4 5.Nxd4 Bd7 6.O-O Nf6 7.Nc3 g6 8.Bg5 Bg7
9.Re1 O-O 10.Bxc6 bxc6 11.Nb3 Ng4 12.h3 Ne5 13.Qe2 h6 14.Bh4 g5 15.Bg3 Ng6
16.Rad1 Qc8 17.Rf1 Kh7 18.Rd3 Rb8 19.f4 gxf4 20.Bxf4 Be6 21.Rdf3 Nxf4 22.Rxf4 Be5
23.Rh4 Rg8 24.Qe3 Qf8 25.Rf5 Bxf5 26.exf5 Qg7 27.Rg4 Qf6 28.Ne4 Qxf5 29.Qd3 Kh8
30.Nxd6 Qxd3 31.Nxf7+ Kh7 32.cxd3 Rxg4 33.hxg4 Bxb2 34.g5 Kg6  0-1

[Event "EuTCh w"]
[Site "Plovdiv BUL"]
[Date "2003.10.20"]
[Round "9"]
[White "Koskela,N"]
[Black "Cinar,N"]
[Result "1-0"]
[WhiteElo "2280"]
[BlackElo "2084"]

1.e4 c5 2.Nf3 Nc6 3.Bb5 g6 4.Bxc6 dxc6 5.d3 Bg7 6.h3 e5 7.Be3 Qe7 8.Qd2 Nf6
9.Nc3 O-O 10.Bh6 Re8 11.O-O Bh8 12.Bg5 Qd6 13.Nh2 b6 14.Ne2 c4 15.Rfd1 cxd3
16.Ng3 Ba6 17.Rac1 Qe6 18.cxd3 Rad8 19.Qc3 c5 20.Ng4 h5 21.Ne3 Rd7 22.Bxf6 Bxf6
23.Ngf1 Bg5 24.Qa3 Bb5 25.Rc3 Red8 26.Nh2 Be7 27.Nd5 c4 28.b4 a5 29.Nxe7+ Rxe7
30.bxa5 cxd3 31.Nf3 bxa5 32.Qxa5 Qd7 33.Rd2 Rb8 34.a4 Bxa4 35.Rcxd3 Qe8 36.Rd8  1-0

[Event "21st Muensterland Open"]
[Site "Senden GER"]
[Date "2003.10.20"]
[Round "5"]
[White "Schlawin,M"]
[Black "Horvath,P1"]
[Result "0-1"]
[WhiteElo "2293"]
[BlackElo "2457"]

1.e4 c5 2.Nf3 Nc6 3.Bb5 g6 4.Bxc6 bxc6 5.O-O Bg7 6.Re1 Nh6 7.Nc3 O-O 8.e5 d6
9.exd6 exd6 10.d4 cxd4 11.Nxd4 Qb6 12.Nf3 Nf5 13.Ne4 d5 14.Ng3 Nxg3 15.hxg3 Bg4
16.Rb1 Rfe8 17.Bf4 Re4 18.Qd2 Rae8 19.b3 Qc5 20.Re3 d4 21.Rxe4 Rxe4 22.Re1 Qe7
23.Kf1 Bf6 24.Rxe4 Qxe4 25.Qe2 Bf5 26.Qxe4 Bxe4 27.Ne1 Kf8 28.Bd6+ Ke8 29.Ke2 h5
30.Bc5 a6 31.Nf3 Bxc2 32.Bxd4 Be7 33.Ke3 Bb1 34.a3 Bxa3 35.Ne5 c5 36.Bc3 Bc2
37.Nc4 Bc1+ 38.Bd2 Bxb3 39.Bxc1 Bxc4 40.Ba3 Bf1 41.Bxc5 Bxg2 42.Kf4 Kd7 43.Kg5 Kc6
44.Bf8 Kb5 45.f4 Bh3 46.Kf6 Be6 47.f5 Bxf5 48.Kxf7 a5 49.Kf6 Kc4  0-1

[Event "9th Medunarodni"]
[Site "Tuzla BIH"]
[Date "2003.10.20"]
[Round "5"]
[White "Arapovic,V"]
[Black "Rosic,S"]
[Result "1/2-1/2"]
[WhiteElo "2443"]
[BlackElo "2304"]

1.e4 c5 2.Nf3 Nc6 3.Bb5 Qc7 4.Nc3 e6 5.O-O Nge7 6.Re1 a6 7.Bxc6 Nxc6 8.d4 cxd4
9.Nxd4 b5 10.Nxc6 Qxc6 11.Qg4 Bb7 12.Bf4 h5 13.Qg5 Qc5 14.Nd5 Bxd5 15.exd5 Qxc2
16.Rac1 f6 17.Rxc2 fxg5 18.Bxg5 Bb4 19.Re4 Be7 20.Bxe7 Kxe7 21.dxe6 d5 22.Re5 Rac8
23.Rxc8 Rxc8 24.g3 Rc2 25.Rxd5 Rxb2 26.a4 g6 27.Rd7+ Kxe6 28.Ra7 b4 29.Rxa6+ Kd5
30.Rxg6 Ra2 31.Rh6 b3 32.Rxh5+ Kc4 33.Kg2 Rxa4 34.Rh4+ Kb5 35.Rh8 Rb4 36.Rb8+ Kc4
37.Rc8+ Kd3 38.Rd8+ Kc3 39.Rc8+ Rc4 40.Rb8 b2 41.Rxb2 Kxb2 42.h4 Kc3 43.Kf3 Kd4
44.Kf4 Rc8 45.Kf5 Rf8+ 46.Kg6 Rxf2 47.h5 Rg2 48.h6 Rxg3+ 49.Kf6 Rh3 50.Kg7  1/2-1/2

[Event "300 Years Women"]
[Site "St Petersburg RUS"]
[Date "2003.10.21"]
[Round "4"]
[White "Kachkina,E"]
[Black "Rumiantseva,M"]
[Result "1-0"]
[WhiteElo "2063"]
[BlackElo "2074"]

1.e4 c5 2.Nf3 Nc6 3.Bb5 e6 4.Bxc6 bxc6 5.b3 Ne7 6.O-O Ng6 7.Bb2 f6 8.c3 Ba6
9.c4 e5 10.Nc3 d6 11.Ne2 Be7 12.Ne1 Qc7 13.d3 O-O 14.f4 f5 15.fxe5 fxe4 16.Rxf8+ Rxf8
17.dxe4 dxe5 18.Nd3 Bc8 19.Qc2 Bg5 20.Bc1 Qe7 21.Ng3 Nf4 22.Bb2 Nxd3 23.Qxd3 Rd8
24.Qc3 Bf4 25.Ne2 Bd2 26.Qg3 Qg5 27.Bxe5 Re8 28.Bd6 Qe3+ 29.Qf2 Qxe4 30.Ng3 Qd4
31.Qxd4 cxd4 32.Bc5 Be3+ 33.Kf1 Bg4 34.h3 Bd7 35.Rd1 Bg5 36.Ne2 Be3 37.Bxd4 Rf8+
38.Ke1 Bg5 39.Bxa7 Ra8 40.Rxd7  1-0

[Event "300 Years"]
[Site "St Petersburg RUS"]
[Date "2003.10.21"]
[Round "4"]
[White "Anisimov,P"]
[Black "Shariyazdanov,A"]
[Result "0-1"]
[WhiteElo "2445"]
[BlackElo "2580"]

1.e4 c5 2.Nf3 Nc6 3.Bb5 e6 4.O-O Nge7 5.c3 a6 6.Ba4 b5 7.Bc2 Bb7 8.Qe2 d5
9.e5 d4 10.Be4 Nd5 11.d3 dxc3 12.Nxc3 Be7 13.Rd1 O-O 14.d4 cxd4 15.Bxd5 exd5
16.Nxd4 Nxd4 17.Rxd4 Bc5 18.Rd3 d4 19.Bf4 f5 20.Rc1 Rc8 21.Qh5 Qe8 22.Qxe8 Rfxe8
23.Nb1 Be4 24.Rdd1 d3 25.Kf1 Bd4 26.Rxc8 Rxc8 27.f3 Rc2 28.fxe4 Rf2+ 29.Ke1 Rxf4
30.exf5 Rxf5 31.Rxd3 Rxe5+ 32.Kd1 Bxb2 33.Rd2 Ba1 34.Kc2 Rc5+ 35.Kd1 Be5
36.h3 Bf4 37.Rc2 Rxc2 38.Kxc2 Kf7 39.Kd3 Ke6 40.Ke4 Be5 41.Nd2 Bc3 42.Nf3 Bf6
43.h4 a5 44.h5 h6 45.Ne1 b4 46.Nd3 Kd6 47.Nf2 a4 48.Kd3 Kd5 49.Ne4 Be5 50.Nd2 b3
51.a3 Kc5 52.Nc4 Bf6 53.g4 Bg5 54.Nb2 Kb5 55.Nd1 Be7 56.Nc3+ Ka5 57.Ne4 Bxa3
58.g5 hxg5 59.Nxg5 Bc1  0-1

[Event "300 Years Women"]
[Site "St Petersburg RUS"]
[Date "2003.10.22"]
[Round "5"]
[White "Ivkina,O"]
[Black "Shushpanova,N"]
[Result "1-0"]
[WhiteElo "2203"]
[BlackElo "2079"]

1.e4 c5 2.Nf3 Nc6 3.Bb5 g6 4.O-O Bg7 5.Re1 e6 6.Bxc6 bxc6 7.Nc3 e5 8.d3 Ne7
9.Be3 d6 10.Qd2 O-O 11.Bh6 Bg4 12.Bxg7 Kxg7 13.Qg5 Bxf3 14.gxf3 Ng8 15.Qe3 Qh4
16.Ne2 f5 17.f4 fxe4 18.Qxe4 exf4 19.Qf3 Nh6 20.h3 d5 21.Kh2 Rae8 22.b4 cxb4
23.a3 bxa3 24.Rxa3 Ng4+ 25.Kg1 Ne5 26.Rxa7+ Kg8 27.Qh1 f3 28.Ng3 Qd4 29.Rea1 Rf7
30.R7a3 c5 31.Nf1 c4 32.dxc4 Nxc4 33.Ra8 Rxa8 34.Rxa8+ Kg7 35.Qh2 Rf4 36.Qg3 Qf6
37.Ra7+ Kg8 38.Ne3 Nxe3 39.fxe3 f2+ 40.Kf1  1-0

[Event "After Holidays GM"]
[Site "Tel Aviv ISR"]
[Date "2003.10.22"]
[Round "4"]
[White "Vydeslaver,Ali"]
[Black "Kaganskiy,G"]
[Result "1/2-1/2"]
[WhiteElo "2449"]
[BlackElo "2386"]

1.e4 c5 2.Nf3 Nc6 3.Bb5 g6 4.O-O Bg7 5.c3 Nf6 6.e5 Nd5 7.d4 cxd4 8.Bxc6 dxc6
9.Qxd4 Qb6 10.Qh4 h6 11.Na3 Bf5 12.Re1 Qa6 13.Nd4 g5 14.Qg3 Bg6 15.h4 Qd3
16.Be3 gxh4 17.Qh3 Bxe5 18.Rad1 Qa6 19.Nb3 Nxe3 20.Rxe3 Bf6 21.Nc5 Qa5 22.Qd7+ Kf8
23.Nxb7 Qh5 24.Rde1 Qd5 25.Rxe7 Bxe7 26.Qxe7+ Kg7 27.Nd6 h3 28.gxh3 Qg5+
29.Qxg5 hxg5 30.Kg2 Rad8 31.Nac4 Rd7 32.Re5 f6 33.Rc5 Rh4 34.b3 Bd3 35.Rxc6 Bxc4
36.Nxc4 Re4 37.a4 Rd3 38.Ne3 Rd2 39.Ng4 f5 40.Rc7+ Kg6 41.Rc6+ Kg7 42.Rc7+ Kg6  1/2-1/2

[Event "300 Years"]
[Site "St Petersburg RUS"]
[Date "2003.10.23"]
[Round "6"]
[White "Brodsky,M"]
[Black "Dobrov,V"]
[Result "1/2-1/2"]
[WhiteElo "2559"]
[BlackElo "2492"]

1.e4 c5 2.Nf3 Nc6 3.Bb5 d6 4.O-O Bd7 5.Re1 Nf6 6.c3 a6 7.Bf1 Bg4 8.h3 Bxf3
9.Qxf3 g6 10.Qd1 Bh6 11.Na3 O-O 12.Nc2 e5 13.d4 Bxc1 14.Rxc1 cxd4 15.cxd4 Qb6
16.d5 Ne7 17.Na3 Ne8 18.Nc4 Qa7 19.a4 f5 20.a5 Rd8 21.Nb6 fxe4 22.Rxe4 Rf7
23.Rec4 Nf6 24.Rc7 Rdf8 25.R1c2 h5 26.Qd3 Kg7 27.Qa3 Rd8 28.Qb3 Ne8 29.R7c4 Nf6
30.Rc7 Ne8 31.R7c4 Nf6  1/2-1/2

[Event "300 Years"]
[Site "St Petersburg RUS"]
[Date "2003.10.23"]
[Round "6"]
[White "Vokarev,S"]
[Black "Shariyazdanov,A"]
[Result "1/2-1/2"]
[WhiteElo "2521"]
[BlackElo "2580"]

1.e4 c5 2.Nf3 Nc6 3.Bb5 e6 4.O-O Nge7 5.c3 a6 6.Ba4 b5 7.Bc2 Bb7 8.d4 cxd4
9.Nxd4 d5 10.Nb3 Na5 11.Nxa5 Qxa5 12.Nd2 Ng6 13.exd5 Bxd5 14.c4 Bc6 15.Qh5 Nf4
16.Qg4 Qc7 17.Be4 Bd6 18.Qf3 Rc8 19.Bxc6+ Qxc6 20.Ne4 Ng6 21.cxb5 axb5 22.Nxd6+ Qxd6
23.Rd1 Qa6 24.Bd2 O-O 25.Bb4 Rfd8 26.a3 h6 27.h3 e5 28.Rxd8+ Rxd8 29.Bc3 f6
30.g3 Qe6 31.h4 Ne7 32.Qe4 Nd5 33.Rd1 Rd7 34.Rd3 Nb6 35.Rxd7 Qxd7 36.Qe2 Qd5
37.Qd2 Qc6 38.Qd3 Na4 39.h5 Nc5 40.Qe3 Ne6 41.f3 Qd5 42.Kf2 Ng5 43.g4 Qd1
44.Be1 Kh7 45.Kg3 Qd5 46.Bc3 Kh8 47.Be1 Qd1 48.Qc3 Qd7 49.Bd2 Nf7 50.Qc2 Nd6
51.Bb4 Nc4 52.b3 Ne3 53.Qe4 Nd5 54.Bd2 Qa7  1/2-1/2

[Event "9th Medunarodni"]
[Site "Tuzla BIH"]
[Date "2003.10.23"]
[Round "9"]
[White "Nurkic,S"]
[Black "Budimir,Bor"]
[Result "1-0"]
[WhiteElo "2384"]
[BlackElo "2250"]

1.e4 c5 2.Nf3 Nc6 3.Bb5 g6 4.O-O Bg7 5.Re1 e5 6.c3 Nge7 7.a4 O-O 8.h3 a6
9.Bxc6 Nxc6 10.d3 d5 11.Be3 d4 12.cxd4 cxd4 13.Bd2 Qb6 14.Na3 Be6 15.Qb1 Qb3
16.Nb5 axb5 17.Ra3 bxa4 18.Rxb3 Bxb3 19.h4 Rfc8 20.h5 f6 21.hxg6 hxg6 22.g3 Kf7
23.Kg2 Ke6 24.Rh1 Rh8 25.Nh4 Kf7 26.Qc1 Bf8 27.g4 Rc8 28.Nxg6 Rxh1 29.Qxh1 Kxg6
30.Qh5+ Kg7 31.Bh6+ Kg8 32.Qg6+ Kh8 33.Qxf6+ Kg8 34.Qg6+ Kh8 35.Qf5 Bxh6
36.Qxc8+ Bg8 37.Qxb7 Nd8 38.Qa6 Ne6 39.Qxa4 Nf4+ 40.Kg3 Nxd3 41.Qa6 Bf4+
42.Kh4 Nxf2 43.Qf6+ Kh7 44.g5 Bb3 45.Qe7+ Kg6 46.Qd6+ Kg7 47.Qh6+ Kg8 48.Qb6 Bd1
49.Qe6+ Kg7 50.Qe7+ Kg6 51.Qf6+ Kh7 52.Qf7+ Kh8 53.g6  1-0

[Event "CCAS Open"]
[Site "Cap d'Agde FRA"]
[Date "2003.10.24"]
[Round "2"]
[White "Palac,M"]
[Black "Yacob,F"]
[Result "1-0"]
[WhiteElo "2534"]
[BlackElo "2203"]

1.e4 c5 2.Nf3 Nc6 3.Bb5 g6 4.O-O Bg7 5.c3 Nf6 6.Re1 O-O 7.h3 Qc7 8.Na3 d5
9.e5 Nd7 10.d4 a6 11.Bf1 cxd4 12.cxd4 b5 13.Bf4 e6 14.Nc2 Qb6 15.Qd2 f6 16.exf6 Nxf6
17.Bd3 Nh5 18.Be3 Qc7 19.Be2 Nf4 20.Rec1 Qd6 21.Nce1 Nxe2+ 22.Qxe2 e5 23.dxe5 Nxe5
24.Bc5 Nxf3+ 25.Nxf3 Qe6 26.Qxe6+ Bxe6 27.Bxf8 Rxf8 28.Rc6 Bf5 29.Rd1 Bxb2
30.Rxa6 d4 31.Rb6 Bc2 32.Rxd4 Rxf3 33.Rd2 Rc3 34.Rxb5 Ba3 35.Rb7 Rc8 36.Rdd7 Be4
37.Rbc7 Rb8 38.f3 Bf5 39.Rg7+ Kf8 40.Rxh7 Bb2 41.Rb7 Bd4+ 42.Kh2 Be5+ 43.f4  1-0

[Event "CCAS Open"]
[Site "Cap d'Agde FRA"]
[Date "2003.10.24"]
[Round "2"]
[White "Weill,R"]
[Black "Miladinovic,I"]
[Result "0-1"]
[WhiteElo "2224"]
[BlackElo "2599"]

1.e4 c5 2.Nf3 Nc6 3.Bb5 e6 4.O-O Nge7 5.Re1 Nd4 6.Bf1 Nec6 7.d3 Nxf3+ 8.Qxf3 Bd6
9.Na3 O-O 10.Nc4 Bc7 11.Ne3 f5 12.exf5 d5 13.g4 d4 14.Nc4 exf5 15.Bg2 Nb4
16.Bf4 fxg4 17.Bxc7 gxf3 18.Bxd8 Rxd8 19.Bxf3 Nxc2 20.Rac1 Nxe1 21.Rxe1 Kf8
22.Re5 Re8 23.Rxc5 Bh3 24.Be4 Rac8 25.Rh5 Bg4 26.Rh4 Rxe4 27.dxe4 Rxc4 28.Rxg4 d3  0-1

[Event "WYb18"]
[Site "Halkidiki GRE"]
[Date "2003.10.24"]
[Round "2"]
[White "Munoz,Li"]
[Black "Heberla,B"]
[Result "1/2-1/2"]
[WhiteElo "2272"]
[BlackElo "2420"]

1.e4 c5 2.Nf3 Nc6 3.Bb5 e6 4.O-O Nge7 5.c3 a6 6.Ba4 b5 7.Bc2 Bb7 8.a3 c4
9.d4 cxd3 10.Qxd3 Ng6 11.Bg5 Qc7 12.Nbd2 f6 13.Be3 Nf4 14.Bxf4 Qxf4 15.a4 b4
16.Nc4 Qc7 17.Rfd1 Bc5 18.Rd2 bxc3 19.bxc3 Rd8 20.Rad1 O-O 21.Nd6 Ne5 22.Qe2 Bxd6
23.Rxd6 Bd5 24.Nxe5 fxe5 25.Qxa6 Qxc3 26.Qd3 Qc5 27.exd5 Qxf2+ 28.Kh1 e4
29.Qa6 Ra8 30.Qb6 Qxc2 31.dxe6 dxe6 32.Rd7 Qc4 33.Kg1 Rab8 34.Qa7 Qc3 35.h3 Qg3
36.R7d2 e3 37.Re2 Rbd8 38.Rde1 Rd2 39.Qxe3 Qxe3+ 40.Rxe3 Ra2 41.R1e2  1/2-1/2

[Event "21st Muensterland Open"]
[Site "Senden GER"]
[Date "2003.10.24"]
[Round "9"]
[White "Schlawin,M"]
[Black "Csiszar,C"]
[Result "1-0"]
[WhiteElo "2293"]
[BlackElo "2398"]

1.e4 c5 2.Nf3 Nc6 3.Bb5 e6 4.O-O Nge7 5.Nc3 a6 6.Bxc6 Nxc6 7.d4 cxd4 8.Nxd4 Qc7
9.Re1 Bd6 10.Nxc6 bxc6 11.Qh5 e5 12.Qg4 Kf8 13.Qf3 Be7 14.b3 d6 15.Na4 Be6
16.c4 h5 17.Bb2 Kg8 18.Qe3 f6 19.f4 Qa7 20.f5 Bf7 21.Rad1 Kh7 22.Ba3 Rhd8
23.Rd2 d5 24.Bxe7 Qxe7 25.exd5 cxd5 26.Nb6 d4 27.Rxd4 Rxd4 28.Qxd4 Qb4 29.Qe3 Rd8
30.Nd5 Qa5 31.Rd1 Qxa2 32.Nxf6+ gxf6 33.Rxd8 Qb1+ 34.Kf2 Qxf5+ 35.Qf3 Qc2+
36.Kg1 f5 37.Rd7 Kg6 38.Qg3+ Kh6 39.h4  1-0

[Event "300 Years"]
[Site "St Petersburg RUS"]
[Date "2003.10.24"]
[Round "7"]
[White "Frolochkin,V"]
[Black "Shchukin,D"]
[Result "0-1"]
[WhiteElo "2116"]
[BlackElo "2388"]

1.e4 c5 2.Nf3 Nc6 3.Bb5 g6 4.Bxc6 dxc6 5.h3 Bg7 6.O-O e5 7.d3 f6 8.Be3 b6
9.Qd2 Ne7 10.Nc3 O-O 11.Ne2 Ba6 12.b3 Nc8 13.Nh2 Nd6 14.Rae1 Qe7 15.Bh6 Rad8
16.Bxg7 Qxg7 17.Qe3 f5 18.Nc3 f4 19.Qf3 Bc8 20.a3 g5 21.b4 c4 22.Rd1 Ba6
23.Rfe1 cxd3 24.cxd3 Ne8 25.Qe2 Nc7 26.Nf3 Kh8 27.a4 Rg8 28.Nh2 Rd4 29.Qb2 h5
30.b5 cxb5 31.Nxb5 Bxb5 32.Nf3 Rxa4 33.Nxe5 Be8 34.d4 Ne6 35.Qb3 Nxd4 36.Qd5 Ra5
37.Qd6 Rxe5 38.Rxd4 Bg6 39.Rc1 Rge8 40.Rc7 R5e7 41.Rdc4 Kh7 42.e5 Kh6 43.R4c6 Rxc7
44.Rxc7 Qxe5 45.Qd7 Rf8 46.Qc6 Qe1+ 47.Kh2 Qxf2 48.Qd6 Re8 49.Re7 f3  0-1

[Event "After Holidays GM"]
[Site "Tel Aviv ISR"]
[Date "2003.10.24"]
[Round "6"]
[White "Vydeslaver,Ali"]
[Black "Ravia,M"]
[Result "1-0"]
[WhiteElo "2449"]
[BlackElo "2386"]

1.e4 c5 2.Nf3 Nc6 3.Bb5 Qc7 4.O-O e6 5.Re1 Nf6 6.Nc3 a6 7.Bxc6 Qxc6 8.d4 cxd4
9.Nxd4 Qc4 10.e5 Nd5 11.Ne4 b5 12.b3 Qc7 13.Nf5 Qxe5 14.Ned6+ Bxd6 15.Rxe5 Bxe5
16.Nd4 Bb7 17.Bb2 O-O 18.c4 bxc4 19.bxc4 Nf6 20.Qe2 Bd6 21.Rd1 Rfc8 22.Nf5 exf5
23.Rxd6 Ne4 24.Rb6 Bc6 25.f3 Ng5 26.Qe5 f6 27.Qxf5 Re8 28.h4 Nf7 29.Qf4 a5
30.Rb3 a4 31.Re3 Rab8 32.Bd4 Rbc8 33.Kh2 Ra8 34.g4 Rxe3 35.Qxe3 Ne5 36.Bxe5 fxe5
37.Qxe5 Bxf3 38.h5 Rf8 39.Kg3 Bc6 40.g5 Rf3+ 41.Kg4 Rf7 42.h6 gxh6 43.gxh6 Kf8
44.Kg5 Kg8 45.a3 Kf8 46.Kh4 Bf3 47.Qb8+ Ke7 48.Qb4+ Ke6 49.Qxa4 Rf6 50.Qc2 Rxh6+
51.Kg3 Bc6 52.Qe2+ Kf7 53.Qe3 Rg6+ 54.Kh4 Re6 55.Qf4+ Rf6 56.Qd4 h6 57.c5 Re6
58.Qd2 Ke7 59.Kg4 Re4+ 60.Kf5 Re6 61.Qb2 Be4+ 62.Kf4 Bc6 63.Qg7+ Kd8 64.Qh8+ Ke7
65.Qc3 Kd8 66.Qb2 Ke7 67.Kg4 Re4+ 68.Kf5 Re6 69.Qb8 Be4+ 70.Kf4 Bc6 71.Kg4 Rg6+
72.Kh4 Re6 73.Qb3 Re4+ 74.Kh5 Re5+ 75.Kg6 Rg5+ 76.Kxh6 Rxc5 77.Qb4 d6 78.a4 Re5
79.a5 Kd7 80.Qb6 Re6+ 81.Kg5 Re5+ 82.Kf4 Re4+ 83.Kg3 Ra4 84.a6 Ra3+ 85.Kf2 Ra4
86.Ke2 Re4+ 87.Kd3 Re8 88.a7 Re5 89.Qxc6+ Kxc6 90.a8=Q+ Kc7 91.Kd4 Rc5 92.Qa7+ Kd8
93.Qg7 Re5 94.Qf7 Rc5 95.Qe6 Kc7 96.Qe7+ Kc6 97.Qd8 Rd5+ 98.Ke4 Re5+ 99.Kf4 Kd5
100.Qg8+ Kc5 101.Qc8+ Kd5 102.Qd7 Kc5 103.Qc7+ Kd5 104.Qc8 Re7 105.Qa8+ Kc5
106.Qa3+ Kc6 107.Kf5 Re5+ 108.Kf6 Kd5 109.Qa5+ Kc6 110.Qd8 Kd5 111.Qd7 Kc5
112.Qc7+ Kd5 113.Qc8 Re4 114.Qb7+ Kd4 115.Qb4+ Kd5 116.Qd2+ Kc5 117.Qc3+ Kd5
118.Qd3+ Rd4 119.Qf5+ Kc4 120.Ke6 Kc3 121.Qg5 Kd3 122.Qc1 Ke2 123.Qc2+ Rd2
124.Qe4+ Kd1 125.Qb1+ Ke2 126.Qf5  1-0